Política económica : pensamientos para hoy y mañana /
Guardado en:
| Autor Principal: | |
|---|---|
| Formato: | Libro |
| Idioma: | Spanish English |
| Publicado: |
Buenos Aires :
Librería "El Ateneo" Editorial,
c1993.
|
| Series: | Serie Temas de economía.
|
| Materias: | |
| Etiquetas: |
Agregar Etiqueta
Sin Etiquetas, Sea el primero en etiquetar este registro!
|
| LEADER | 00891nam a22002535a 4500 | ||
|---|---|---|---|
| 001 | EAD.ead001815 | ||
| 008 | 090701s1993####ag############000#0#spa#d | ||
| 005 | 20101004133229.0 | ||
| 245 | 1 | 0 | |a Política económica : |b pensamientos para hoy y mañana / |c Ludwig von Mises. |
| 260 | |a Buenos Aires : |b Librería "El Ateneo" Editorial, |c c1993. | ||
| 300 | |a xii, 100 p. ; |c 20 cm. | ||
| 490 | 0 | |a Serie Temas de economía | |
| 500 | |a Traducción de: Economic policy: thoughts for today and tomorrow. | ||
| 020 | |a 9500236230 | ||
| 100 | 1 | |a Mises, Ludwig von. | |
| 830 | 0 | |a Serie Temas de economía. | |
| 082 | 0 | 4 | |a 330.157 |2 21 |
| 650 | 7 | |a Política económica. |2 unbist | |
| 650 | 7 | |a Capitalismo. |2 unbist | |
| 650 | 7 | |a Socialismo. |2 unbist | |
| 650 | 7 | |a Intervencionismo. |2 isoc | |
| 650 | 7 | |a Inflación. |2 unbist | |
| 041 | 1 | |a spa |h eng | |
| 859 | |a AR-BaBDC |b BIB. ADMINISTRACION - Libros |h 330.157 |i M687 |p b05902 | ||
